<?xml version="1.0" encoding="UTF-8"?>
<record
    xmlns:xsi="http://www.w3.org/2001/XMLSchema-instance"
    xsi:schemaLocation="http://www.loc.gov/MARC21/slim http://www.loc.gov/standards/marcxml/schema/MARC21slim.xsd"
    xmlns="http://www.loc.gov/MARC21/slim">

  <leader>01696cam a2200217   4500</leader>
  <controlfield tag="001">8383</controlfield>
  <controlfield tag="005">20181127185758.0</controlfield>
  <controlfield tag="008">050418s2004    enka     b    001 0 eng</controlfield>
  <datafield tag="010" ind1=" " ind2=" ">
    <subfield code="a">  2005274255</subfield>
  </datafield>
  <datafield tag="020" ind1=" " ind2=" ">
    <subfield code="a">034081196X (pbk.)</subfield>
  </datafield>
  <datafield tag="082" ind1="0" ind2="0">
    <subfield code="a">616/.042</subfield>
    <subfield code="2">22</subfield>
  </datafield>
  <datafield tag="100" ind1="1" ind2=" ">
    <subfield code="a">Harper, Peter S.</subfield>
  </datafield>
  <datafield tag="245" ind1="1" ind2="0">
    <subfield code="a">Practical genetic counselling /</subfield>
    <subfield code="c">Peter S. Harper.</subfield>
  </datafield>
  <datafield tag="250" ind1=" " ind2=" ">
    <subfield code="a">6th ed.</subfield>
  </datafield>
  <datafield tag="260" ind1=" " ind2=" ">
    <subfield code="a">London ;</subfield>
    <subfield code="b">Arnold,</subfield>
    <subfield code="c">2004.</subfield>
  </datafield>
  <datafield tag="300" ind1=" " ind2=" ">
    <subfield code="a">409 p. :</subfield>
    <subfield code="b">ill. ;</subfield>
    <subfield code="c">24 cm.</subfield>
  </datafield>
  <datafield tag="504" ind1=" " ind2=" ">
    <subfield code="a">Includes bibliographical references and index.</subfield>
  </datafield>
  <datafield tag="505" ind1=" " ind2=" ">
    <subfield code="a">CONTENTS : Genetic counselling: an introduction -- Genetic counselling in Mendelian disorders -- Common disorders and genetic counselling -- Chromosome abnormalities -- Molecular genetics and genetic counselling -- Dysmorphology and genetic syndromes -- Carrier testing and genetic prediction -- Prenatal diagnosis and reproductive aspects of medical  genetics -- Special issues in genetic counselling -- The genetic counselling clinic -- Neuromuscular disorders -- Central nervous system disorders -- Disorders of mental function -- Disorders of bone and connective tissue -- Oral and craniofacial disorders -- The skin -- The eye -- Deafness -- Cardiovascular and respiratory disorders -- The gastrointestinal tract -- Renal and urinary tract disease -- Endocrine and reproductive disorders -- Inborn errors of metabolism -- Disorders of blood and immune function -- Genetic risks in cancer -- Environmental hazards -- Population aspects of genetic counselling and genetic  screening -- Genetics and society. Appendix: Useful information in  connection with genetic counselling.</subfield>
    <subfield code="g"></subfield>
    <subfield code="r"></subfield>
    <subfield code="t"></subfield>
  </datafield>
  <datafield tag="650" ind1=" " ind2="0">
    <subfield code="a">Genetic counseling.</subfield>
  </datafield>
  <datafield tag="999" ind1=" " ind2=" ">
    <subfield code="c">7244</subfield>
    <subfield code="d">7244</subfield>
  </datafield>
  <datafield tag="952" ind1=" " ind2=" ">
    <subfield code="0">0</subfield>
    <subfield code="1">0</subfield>
    <subfield code="2">ddc</subfield>
    <subfield code="4">0</subfield>
    <subfield code="7">0</subfield>
    <subfield code="8">MAIN</subfield>
    <subfield code="a">RTCLIB</subfield>
    <subfield code="b">RTCLIB</subfield>
    <subfield code="c">MAIN</subfield>
    <subfield code="h"> </subfield>
    <subfield code="i">12819</subfield>
    <subfield code="l">0</subfield>
    <subfield code="o">616 HAR</subfield>
    <subfield code="p">30012126</subfield>
    <subfield code="r">2018-11-27 00:00:00</subfield>
    <subfield code="w">2018-11-27</subfield>
    <subfield code="y">MAIN</subfield>
  </datafield>
</record>
